Sports Quiz

Random Sports Quiz

Top 10 Highest Paid Footballers Quiz Stats

 Plays Quiz not verified by Sporcle

Also try: Over/Under: Sports
Challenge
Share
Tweet
Embed
Score 0/10 Timer 08:00
0 Plays Today
Earning (UK Pounds) Player % Correct
26.8mRonaldo
97.9%
29.5mMessi
95.1%
27.2mBeckham
93.7%
16.8mKaka
81.4%
12.6mLampard
73.3%
13.7mTevez
67.7%
12.9Ibrahimovic
66.7%
12.3mEto'o
64.9%
15.3mRonaldinho
62.8%
16mHenry
57.5%

You're not logged in!

Compare scores with friends on all Sporcle quizzes.
OR
Log In

You Might Also Like...

Show Comments

Extras

Top Quizzes Today


Score Distribution

Your Account Isn't Verified!

In order to create a playlist on Sporcle, you need to verify the email address you used during registration. Go to your Sporcle Settings to finish the process.

Report this User

Report this user for behavior that violates our Community Guidelines.

Details: